000
00207 a2200109 4500
020
_a
0439228085
041
_a
eng
100
_a
Philemon Sturges
245
_a
The little red hen
942
_c
BK
952
_7
1
999
_c
19101
_d
19101